| 000 | 00508nmm a2200169Ia 4500 | ||
|---|---|---|---|
| 008 | 251105s9999||||xx |||||||||||||||||und|| | ||
| 020 | _a8479087951 | ||
| 041 | _aspa | ||
| 100 | _aIrles Mas, R. | ||
| 245 | 0 | _aMecánica de medios continuos para ingenieros geólogos | |
| 264 |
_a[Madrid, España] : _bPublicaciones de la Universidad de Alicante, _c2004 |
||
| 300 | _a276 páginas | ||
| 490 | _aCiencias | ||
| 650 | _aEngineering | ||
| 856 | _uhttps://public.digitaliapublishing.com/a/736 | ||
| 942 | _cCF | ||
| 999 |
_c73624 _d73624 |
||